| Поле | Инд. | ПП | Название | Значение |
|---|---|---|---|---|
| Тип записи | a | |||
| Библиографический уровень | m | |||
| 001 | Контрольный номер | 97d0d851-3b71-4779-b75b-18ca2c5b840d | ||
| 005 | Дата корректировки | 20230131114741.2 | ||
| 008 | Кодируемые данные | 050324 | ||
| 040 | a | Служба первич. каталог. | НБ ТвГУ | |
| 041 | 0_ | a | Код языка текста | rus |
| 080 | a | Индекс УДК | 94(47).084.8 | |
| 084 | a | Индекс другой классификации/Индекс ББК | Т3(2)622,13 | |
| 090 | x | Авторский знак | Т 76 | |
| a | Полочн. индекс | ДЛ:355 | ||
| 100 | 1_ | a | Автор | Трояновский Павел Иванович |
| e | Роль лиц | Автор | ||
| 245 | 10 | a | Заглавие | Взятие Берлина |
| b | Продолж. заглавия | записки военного корреспондента : для среднего и старшего возраста | ||
| c | Ответственность | П. Трояновский ; фотоиллюстрации военных корреспондентов А. Капустянского, О. Кнорринга и операторов фронтовой кинохроники | ||
| 260 | 0_ | a | Место издания | Москва |
| b | Издательство | Детгиз | ||
| c | Дата издания | 1945 | ||
| 300 | a | Объем | 78, [2] с. | |
| b | Иллюстрации/ тип воспроизводства | ил. | ||
| 561 | 1_ | a | История (примечание) | Из коллекции Е. И. Ступкина |
| 9 | 803167 | |||
| 653 | 0_ | a | Ключевые слова | История СССР |
| a | Ключевые слова | История России | ||
| a | Ключевые слова | Советская армия | ||
| a | Ключевые слова | Великая Отечественная война | ||
| a | Ключевые слова | Взятие Берлина | ||
| a | Ключевые слова | Детская | ||
| 700 | 1_ | a | Другие авторы | Капустянский А. |
| e | Роль лиц | фот. | ||
| 700 | 1_ | a | Другие авторы | Кнорринг О. |
| e | Роль лиц | фот. | ||
| 852 | 41 | x | Примечание, не предназначенное для пользователя | Ступкин Е. И., дар |
| 9 | 803167 | |||
| 852 | 41 | x | Примечание, не предназначенное для пользователя | Ступкин Е. И., экслибрис |
| 9 | 803167 | |||
| 852 | 41 | x | Примечание, не предназначенное для пользователя | Мартыненко В. А. |
| 9 | 803167 | |||
| 901 | t | Тип документа | m | |
| 920 | a | Оператор | Хохл | |
| a | Оператор | Петр | ||
| 930 | a | Новая/Ретро | ретро | |
| 935 | a | Идентификатор редкой книги | РК | |
| 952 | c | Вид литературы | К рх | |
| 954 | a | Дата поступления на обработку | 20050412 | |
| e | Дата перешифровки | 20211130 | ||
| 954 | a | Дата поступления на обработку | 20220328 |